000 00575naa a2200205 i 4500
001 20323
003 ES-MaBCM
005 20241016094055.0
008 920924s1992 fra 000 0 fre d
021 _axx
035 _a(OCoLC)1365222796
040 _cES-MaBCM
041 0 _afre
043 _afra
245 0 2 _aL'évolution récente du commerce mondial
520 _aExtractos del informe anual del GAT/AGETAC
650 2 7 _aComercio internacional
_957970
773 0 _aEn:
_tProblèmes économiques
_dParis : 1992
_w104496
_gnº 2.285, juil., p. 14-22
942 _cAREV
999 _c20323
_d20323